[Event "Andalucia-chA"]
[Site "Algeciras"]
[Date "2018.05.20"]
[Round "8"]
[White "Alba Fernandez, Nicolas"]
[Black "Martinez Espigares, Jose Miguel"]
[Result "1/2-1/2"]
[WhiteElo "1800"]
[BlackElo "1884"]
[PlyCount "115"]
[EventDate "2018.05.12"]
[EventType "swiss"]
[EventRounds "8"]
[EventCountry "ESP"]
[SourceTitle "EXT 2020"]
[Source "ChessBase"]
[SourceDate "2019.10.17"]
[SourceVersion "1"]
[SourceVersionDate "2019.10.17"]
[SourceQuality "1"]

1. e4 c5 2. Nf3 g6 3. d3 Bg7 4. g3 Nc6 5. Bg2 Nf6 6. 0-0 0-0 7. Nbd2 e5 8. Nc4 d6 9. a4 b6 10. c3 Rb8 11. h3 a6 12. Nh2 b5 13. axb5 axb5 14. Ne3 h5 15. Nf3 b4 16. Nh4 bxc3 17. bxc3 Be6 18. f4 exf4 19. gxf4 Ng4 20. hxg4 Qxh4 21. g5 Bxc3 22. Bd2 Bd4 23. Ra6 Rfc8 24. f5 Bb3 25. Qe2 Qxg5 26. Rf2 Ra8 27. Rxa8 Rxa8 28. Kh1 Ra1+ 29. Bf1 Ra2 30. fxg6 Bxe3 31. gxf7+ Kf8 32. Qxe3 Qxe3 33. Bxe3 Rxf2 34. Bxf2 Kxf7 35. Be2 Kg6 36. Kh2 Bc2 37. Kg3 Ne5 38. Kh4 Bxd3 39. Bxh5+ Kf6 40. Bd1 Bxe4 41. Be3 Kf5 42. Kg3 Nc4 43. Bf2 Nb2 44. Bb3 c4 45. Bd4 cxb3 46. Bxb2 Bc6 47. Kf2 Ke4 48. Ke2 d5 49. Kd2 d4 50. Ke2 Bb5+ 51. Kd2 Bc4 52. Ba1 Bd3 53. Bb2 Bc2 54. Ba1 d3 55. Bb2 Kd5 56. Bc1 Kc4 57. Bb2 Kb4 58. Bc1 1/2-1/2

[Event "Andalucia-chA"]
[Site "Algeciras"]
[Date "2018.05.18"]
[Round "4"]
[White "Martinez Espigares, Jose Miguel"]
[Black "Maceiras, Moya Nery"]
[Result "1-0"]
[WhiteElo "1884"]
[BlackElo "1825"]
[PlyCount "65"]
[EventDate "2018.05.12"]
[EventType "swiss"]
[EventRounds "8"]
[EventCountry "ESP"]
[SourceTitle "EXT 2020"]
[Source "ChessBase"]
[SourceDate "2019.10.17"]
[SourceVersion "1"]
[SourceVersionDate "2019.10.17"]
[SourceQuality "1"]

1. d4 Nf6 2. Bg5 Ne4 3. h4 d5 4. Nd2 Nxg5 5. hxg5 Nc6 6. e3 a6 7. f4 g6 8. a3 Be6 9. Ngf3 Bg7 10. Bd3 Qd7 11. Nb3 b6 12. Qe2 a5 13. Bb5 f6 14. Nbd2 Kf7 15. 0-0-0 Qd6 16. Rdf1 Na7 17. Bd3 c5 18. c4 Rac8 19. Kb1 b5 20. dxc5 Rxc5 21. cxb5 a4 22. f5 Bxf5 23. Bxf5 gxf5 24. Nd4 e6 25. Qh5+ Ke7 26. Rxf5 Nxb5 27. gxf6+ Bxf6 28. Rxf6 Nxd4 29. Qf7+ Kd8 30. exd4 Rc6 31. Qg7 Re8 32. Rxh7 Re7 33. Rf7 1-0